Playing the game : (Record no. 6722)
[ view plain ]
| 000 -LEADER | |
|---|---|
| fixed length control field | 01946cam a2200313 a 4500 |
| 001 - CONTROL NUMBER | |
| control field | 47013034 |
| 003 - CONTROL NUMBER IDENTIFIER | |
| control field | OCoLC |
| 005 - DATE AND TIME OF LATEST TRANSACTION | |
| control field | 20190119124509.0 |
| 008 - FIXED-LENGTH DATA ELEMENTS--GENERAL INFORMATION | |
| fixed length control field | 980818s1998 tnua 000 0 eng |
| 010 ## - LIBRARY OF CONGRESS CONTROL NUMBER | |
| LC control number | 99176076 |
| 020 ## - INTERNATIONAL STANDARD BOOK NUMBER | |
| International Standard Book Number | 0849954339 |
| 020 ## - INTERNATIONAL STANDARD BOOK NUMBER | |
| International Standard Book Number | 9780849954337 |
| 035 ## - SYSTEM CONTROL NUMBER | |
| System control number | (OCoLC)47013034 |
| Canceled/invalid control number | (OCoLC)39708022 |
| 040 ## - CATALOGING SOURCE | |
| Original cataloging agency | DLC |
| Language of cataloging | eng |
| Transcribing agency | DLC |
| Modifying agency | BAKER |
| -- | BTCTA |
| -- | TXBXL |
| -- | HNW |
| -- | YDXCP |
| -- | OCLCO |
| -- | OCLCF |
| 050 00 - LIBRARY OF CONGRESS CALL NUMBER | |
| Classification number | BV4596.G64 |
| Item number | S445 |
| 082 00 - DEWEY DECIMAL CLASSIFICATION NUMBER | |
| Classification number | 242.68 |
| Edition number | 21 |
| Item number | S539P |
| 092 0# - LOCALLY ASSIGNED DEWEY CALL NUMBER (OCLC) | |
| Classification number | 242.68 |
| Item number | S5396p |
| 100 1# - MAIN ENTRY--PERSONAL NAME | |
| Personal name | Sheard, James L. |
| 245 10 - TITLE STATEMENT | |
| Title | Playing the game : |
| Remainder of title | inspiration for life and golf / |
| Statement of responsibility, etc. | Jim Sheard & Wally Armstrong. |
| 260 ## - PUBLICATION, DISTRIBUTION, ETC. | |
| Place of publication, distribution, etc. | Nashville, Tenn. : |
| Name of publisher, distributor, etc. | J. Countryman, |
| Date of publication, distribution, etc. | c1998. |
| 300 ## - PHYSICAL DESCRIPTION | |
| Extent | 127 p. : |
| Other physical details | col. ill. ; |
| Dimensions | 22 cm. |
| 505 0# - FORMATTED CONTENTS NOTE | |
| Formatted contents note | Understanding the game. Purpose : the ultimate aim ; Principles : like a tree ; Priorities : success versus significance ; The swing : a solid foundation ; Planning : survey the land -- Preparing for the game. Practice : no royal road ; Preparation : master an ideal ; Progress : unattainable perfection ; People : lasting impressions -- Playing the game. Play each shot : see it, feel it, trust it ; Strengths : inside every person ; Precision shots : stroke savers ; Putting : fearless finesse ; Power shots : effortless power -- Achieving your potential in the game. Adversity : rejoice in hope ; Perseverance : steady endurance ; Pressure : be at ease ; Character : the infallible test -- Nineteenth hole. Reflections on playing the game. |
| 520 ## - SUMMARY, ETC. | |
| Summary, etc. | In Playing the Game, Wally and Jim vividly illustrate many of the parallels between golf and life. Through this incredible book, they have given golfers and non-golfers alike an opportunity to learn from "18 holes of inspiration" for the course of life and golf. |
| 650 #0 - SUBJECT ADDED ENTRY--TOPICAL TERM | |
| Topical term or geographic name entry element | Golfers |
| General subdivision | Religious life. |
| 650 #0 - SUBJECT ADDED ENTRY--TOPICAL TERM | |
| Topical term or geographic name entry element | Golf |
| General subdivision | Religious aspects |
| -- | Christianity. |
| 650 #0 - SUBJECT ADDED ENTRY--TOPICAL TERM | |
| Topical term or geographic name entry element | Christian life. |
| 700 1# - ADDED ENTRY--PERSONAL NAME | |
| Personal name | Armstrong, Wally. |
| 942 ## - ADDED ENTRY ELEMENTS (KOHA) | |
| Source of classification or shelving scheme | Dewey Decimal Classification |
| Koha item type | Books |
| Withdrawn status | Lost status | Source of classification or shelving scheme | Damaged status | Not for loan | Collection code | Home library | Current library | Shelving location | Date acquired | Cost, normal purchase price | Total Checkouts | Full call number | Barcode | Date last seen | Price effective from | Koha item type |
|---|---|---|---|---|---|---|---|---|---|---|---|---|---|---|---|---|
| Dewey Decimal Classification | Non-fiction | Harvest Mission College | Harvest Mission College | General Stacks | 19.01.2019 | 1560.00 | 242.68 S539P | 007679 | 19.01.2019 | 19.01.2019 | Books |
